|
|
|
|
| LEADER |
00000nam0a2200000 4500 |
| 001 |
326219 |
| 005 |
20231102003835.0 |
| 035 |
|
|
|a (RuTPU)RU\TPU\book\351854
|
| 090 |
|
|
|a 326219
|
| 100 |
|
|
|a 20161220d1931 km y0rusy50 ca
|
| 101 |
0 |
|
|a rus
|
| 102 |
|
|
|a RU
|
| 105 |
|
|
|a a z 000zy
|
| 200 |
1 |
|
|a Открытые работы в горном деле
|f А. И. Онезорге
|g Институт прикладной минералогии
|
| 210 |
|
|
|a Москва
|c [Б. и.]
|d 1931
|
| 215 |
|
|
|a 63 с.
|c ил.
|
| 606 |
1 |
|
|a Горные работы открытые
|2 stltpush
|3 (RuTPU)RU\TPU\subj\73353
|9 86385
|
| 610 |
1 |
|
|a горное давление
|
| 610 |
1 |
|
|a открытые работы
|
| 610 |
1 |
|
|a методы
|
| 610 |
1 |
|
|a систематика
|
| 610 |
1 |
|
|a вскрышные работы
|
| 610 |
1 |
|
|a себестоимость
|
| 675 |
|
|
|a 622.271
|v 4
|
| 700 |
|
1 |
|a Онезорге
|b А. И.
|
| 712 |
0 |
2 |
|a Институт прикладной минералогии
|c (Москва)
|c (1929-1934)
|2 stltpush
|3 (RuTPU)RU\TPU\col\19041
|9 27317
|
| 801 |
|
1 |
|a RU
|b 63413507
|c 20161220
|
| 801 |
|
2 |
|a RU
|b 63413507
|c 20200708
|g RCR
|
| 942 |
|
|
|c BK
|